000 01046nas a2200277 4500
001 BR8704837
003 BR-BrBNA
005 20231205090723.0
007 ta
008 230509b bl.|||p| |||| 00| 00por d
040 _aBR-BrBNA
_bpor
_cBiblioteca Nacional de Agricultura
041 _a(Pt)
072 _aP34
100 1 _aAlmeida, R.T. de
100 1 _aVasconcelos, I.
100 1 _aSales, F.J.M.
245 1 _aEfeito de inseticidas organossinteticos sobre o complexo Rhizobium japonicum, Glomus mosseae e no crescimento, producao de frutos e na nodulacao da soja, Glycine max (L.)Merril
246 1 _a[Effect of organossynthetic pesticides on the complex Rhizobium japonicum, Glomus mosseae and on the growth, fruit yield and nodulation of soybean]
650 _aSOJA
650 _aRHIZOBIUM
650 _aNODULACAO
650 _aINSETICIDA ORGANO-SINTETICO
773 0 _tCiencia Agronomica (Brazil)
_xISSN 0045-6888
_g(Dec 1985), v. 16(2) p. 1-5
_wBR8704837
909 _a202311
_bLúcia
_c55
_dLúcia Elande
942 _2AGRIS
_n0
_cANA
999 _c120457
_d120457